| 000 | 01166nam a2200337 i 4500 | ||
|---|---|---|---|
| 001 | 000018874 | ||
| 003 | DO-SdBNP | ||
| 005 | 20250930080058.0 | ||
| 007 | ta | ||
| 008 | 100520s1997 dr c 000 0bspa d | ||
| 020 | _a8484002462 | ||
| 040 |
_aDO-SdBNP _bspa _cBNPHU _erda |
||
| 041 | _aspa | ||
| 082 | 4 |
_a923.57293 _bL965i 1997 _222 |
|
| 245 | 0 | 0 |
_aIdeario de Luperón (1839-1897) / _ccompilador, José Chez Checo |
| 250 | _aSegunda edición | ||
| 264 | 1 |
_aSanto Domingo : _bComisión Permanente de Efemérides Patrias, _c1997. |
|
| 300 |
_a354 páginas : _bilustraciones ; _c23 cm. |
||
| 336 |
_atexto _btxt _2rdacontent |
||
| 337 |
_asin mediación _bn _2rdamedia |
||
| 338 |
_avolumen _bnc _2rdacarrier |
||
| 490 | 1 |
_aBiblioteca taller _v274 |
|
| 500 | _aCon motivo del Centenario del fallecimiento de Gregorio Luperón. | ||
| 504 | _aBibliografía : páginas 321-323 | ||
| 590 | _aInventariado, 2020/ YL | ||
| 600 | 1 | 4 |
_aLuperón, Gregorio, _d1839-1897 _9888 |
| 651 | 4 |
_aRepública Dominicana _xHistoria _9170 |
|
| 700 | 1 |
_aChez Checo, José, _d1949- _ecompilador _4comp. _910145 |
|
| 910 | _aValidado. Control de calidad MMOLINA | ||
| 942 |
_2ddc _cLBS1 |
||
| 999 |
_c18392 _d18392 |
||